000 00997nam a2200325 a 4500
001 ocm36839717
003 0
005 20230123133629.0
008 970416s1996 enkk 001 0 eng
015 _aGB97-30476
020 _a0750629762 (pbk)
029 0 _aUKM
_bb9730476
035 _bH130
040 _aUKM
_cNUST
049 _aMAIN
090 _aTH4315
245 0 0 _aLaxton's measurement rules for contractors' quantities /
_cedited by Tweeds.
260 _aOxford :
_bLaxton's,
_cc1996.
300 _ax, 135 p. :
_bforms ;
_c22 cm.
500 _aIncludes index.
500 _aRunning title: Measurement rules for contractors' quantities.
650 0 _aBuildings
_xMeasurement
_xStandards.
650 0 _aBuilding
_xEstimates
_xStandards.
650 0 _aQuantity surveying
_xStandards.
710 2 _aTweeds (Firm)
740 0 1 _aMeasurement rules for contractors' quantities.
907 _a.b10027579
_b23-02-08
_c17-04-03
994 _a92
_bZNA
942 _cBOOKS
_kTH4315
999 _c151941
_d151941